00421nam a2200133 a 4500008004100000050001800041100001700059245011600076260002600192350000900218650001100227650002600238700002300264120416s1975 ||||||||||||||||| || u aHD 8776.5 Dev aCohen, Robin14aThe development of an African working class: studies in class formation and actioncedited by Richard Sandbrook aLondonbLongmanc1975 a0.00 aLABOUR aWORKING CLASS--AFRICA aSandbrook, Richard